[Event "Washington Open 2021"]
[Site "Chess.com"]
[Date "2021.05.31"]
[Round "5"]
[White "Talukdar, Rohan"]
[Black "Shahinyan, David"]
[Result "1-0"]
[WhiteElo "2434"]
[BlackElo "2500"]
[Annotator "Rohan Talukdar"]
[PlyCount "81"]
[EventDate "2021.??.??"]

{An important round for me against IM Shahinyan from Armenia! It was a very
complicated game that required a lot of calculation} 1. e4 d6 2. d4 Nf6 3. Nc3
e5 {My opponent uses this move order to play a Philidor setup without letting
white have special tricks with an early Nf3} 4. Nge2 {My pet line that is
extremely easy to play. White will simply fianchetto the bishop and then will
typically create a kingside pawnstorm} c6 5. a4 {Played to avoid any b5
counterplay} g6 6. g3 Bg7 7. Bg2 O-O 8. O-O exd4 {Deviating from our 1st game
in this variation} (8... Qc7 {is what my opponent played against me before. We
played a really tactical game and I have added the game below} 9. h3 b6 10. Be3
Ba6 11. Re1 Nbd7 12. g4 Rfe8 13. Ng3 Nf8 14. Qd2 Ne6 15. d5 cxd5 16. exd5 Nd4
17. Rec1 Rac8 18. Ra3 Qc4 19. g5 Nh5 20. Nxh5 gxh5 21. Qd1 e4 22. Qxh5 Qb4 23.
Bxd4 Bxd4 24. Rb3 Bxf2+ 25. Kh1 Qc4 26. Bf1 Qxf1+ 27. Rxf1 Bxf1 28. Nxe4 Rxe4
29. Rf3 Re7 30. Rxf2 Bc4 31. Kh2 Rc5 32. b3 Bxd5 33. b4 Rc4 34. g6 hxg6 35.
Qxd5 Rxb4 36. Qxd6 Rbe4 37. c4 Kg7 38. a5 R7e6 39. Qb8 bxa5 40. Qxa7 Re7 41.
Qb6 R7e6 42. Qb5 R6e5 43. c5 a4 44. Qb2 f5 45. c6 {1-0 (45) Talukdar-Shahinyan
Seattle Classic 2020}) 9. Nxd4 Na6 (9... a5 {is really logical to fix the
structure so that Na6 Nb4 is allowed}) 10. h3 {A logical move in this opening
where white denies black to use the g4 square and often plays g4 themself} Nb4
{Typically, this is the best square for the knight once white plays a4 but
here black has not secured the knight yet} (10... Re8 {is the main move when
after} 11. a5 Nc5 12. Re1 {with a playable position for both sides}) 11. a5 $5
{Taking advantage that my opponent has not played a5 and planning Ra4 to kick
the enemy knight out!} Re8 12. Ra4 {the most direct move which asks the knight,
"where are you going?"} (12. Re1 {I rejected this since black equalizes easily
with} d5 13. e5 Nd7 14. f4 f6) (12. Kh2 $5 {is a prophlyactic move played both
by Bologan and Ivanchuk!} d5 (12... Bd7 13. Be3 Re5 14. Nb3 Rh5 15. f3 Qc8 16.
h4 d5 17. Nc5 dxe4 18. N3xe4 Nxe4 19. Nxe4 Rd5 20. Qe2 {Bologan-Peralta}) 13.
exd5 Nfxd5 14. Nxd5 Nxd5 15. a6 Qb6 16. c3 Rb8 17. Qa4 {Ivanchuk-Nikolic})
12... c5 {My opponent played this quite fast} (12... Na6 {was what I was
expecting and I was thinking of playing} 13. Nde2 Nc5 (13... d5 14. exd5 Nxd5
15. Nxd5 cxd5 16. Be3 {black has an isolated pawn}) 14. Rd4 {a very cool move
to play} Bf8 (14... Nfxe4 $5 15. Nxe4 Bxd4 16. Qxd4 Nxe4 17. Bxe4 Qxa5) 15. b4
{and the rook on d4 is pretty active}) 13. Ndb5 d5 {The idea! It took me a
while to comprehend this position. I had planned for a calm opening but chaos
has errupted! Here I spent a long time trying to find the best idea} 14. Bf4 {
I calculated this line and thought that it was rather interesting} (14. exd5 {
and black's idea is} a6 {White's pieces are awkwardly placed} 15. Na3 Bd7 {
and the rook is trapped!} 16. d6 {this is quite unclear but engine notes that
black should not take the enchange but play} Na2 $1 17. Rh4 Nxc3 18. bxc3 Qxa5
$13) (14. e5 $6 {is also what I considered so that I get Bf4 with tempo} Rxe5
15. Bf4 Rf5 $1 {Although it is strange, the rook on f5 is very active and will
sacrifice itself in many variations}) 14... d4 (14... Nh5 {is a move that the
computer points out which I didn't even consider} 15. Bd6 Bd7 16. Bxc5 Bxc3 $1
17. Nxc3 Na6 $1 18. Be3 Bxa4 19. Nxa4 dxe4 20. Qxd8 Raxd8 21. Bxa7 $13) 15. Nc7
dxc3 16. Nxa8 cxb2 17. Nc7 Qxd1 18. Rxd1 {I had seen this position when I
played 14.Bf4 and I thought that both sides have chances} Bd7 $6 {This may
seem like a logical move to gain a tempo on the rook on a4. However, I have an
extremely clever idea here} (18... Re7 $1 {was the best although it is a bit
counterintuitive that Rd8 ideas might happen. However, the pawn on b2 is a
monster} 19. Ra3 Rd7 $1 {the idea} 20. Rb1 Nh5 21. Nd5 Nxf4 22. gxf4 Nxc2 $13)
19. Rxb4 $1 (19. Nxe8 $2 Bxa4) 19... cxb4 20. e5 $1 {I think that my opponent
missed this move. The idea is to misplace the knight, block the long diagonal,
and discoordinate black's pieces} (20. Nxe8 $2 {allows} Nxe8 $1 {and now due
to the active bishop on g7, the pawn on b2 restricts my rook from any activity}
21. Bf1 (21. e5 g5 $1) 21... Bc3 $17) 20... Bf5 $2 {My opponent offered a draw
here but I accurately calculated that white is winning here! I think this is
the only big mistake of the entire game} (20... Rf8 $3 {Is the correct engine
move!! I had not anticipated this at all. This is the safest square for the
rook!} 21. exf6 Bxf6 22. Nd5 Bc3 23. Rb1 Ba4 24. Nxb4 {and now} Rd8 $1 (24...
Bxb4 25. Rxb2 Bxa5 26. Rxb7) 25. Be4 Bxb4 26. Rxb2 Rd4 {and black has
miraculously equalized!}) (20... Rc8 $6 21. exf6 Bxf6 22. Nd5 {now the bishop
cannot stay on the a1-h8 diagonal since it has to guard e7}) (20... Rd8 $2 21.
exf6 Bxf6 22. Nd5 Bc3 {now white has} 23. Bg5 Re8 24. Nf6+ {and black has to
give up the important dark squared bishop}) (20... Rb8 $2 21. exf6 Bxf6 22. Nd5
) (20... Nh5 21. Nxe8 Nxf4 22. gxf4 {and now the bishop on g7 is blocked so
white is better}) 21. exf6 Bxc2 22. Nxe8 {it is very important that the knight
protects f6} Bxd1 23. Be4 Bf8 (23... b3 {planning Bc2 doesn't work} 24. Be5 Bc2
25. Bxb2 Bxe4 26. fxg7 $18) (23... Bh6 {trying to slow down Be5 ideas doesn't
work} 24. Bxh6 b3 {now white has a cool idea of} 25. Nd6 Bc2 26. Bd5 b1=Q+ 27.
Kh2 {and mate with Bxf7 and Bg7 is inevitable}) 24. Be5 Bf3 {trying to
distract my bishop} 25. Bd3 $1 {It is very important to force the black bishop
to e2 since that is the worse diagonal} Be2 (25... Bc6 26. Nc7 Bc5 27. Bxb2 Bd6
28. Nb5 {the knight gets out because of the bishop on d3}) 26. Bb1 Bc5 27. Bxb2
{Finally I have gotten rid of the b2 monster!} b6 28. axb6 Bxb6 {Now white
needs to make sure that the bishops and the knight is active} 29. Ba2 $1 {
threatening Nd6} Bc5 30. Be5 {supporting Nd6} Bd1 (30... a5 31. Nd6 a4 {
is too slow} 32. Bxf7+ Kh8 33. Be6 $18 {and f7 is coming}) 31. Bc4 $1 {It is
important that the bishop is used for attacking purposes and defending
purposes at the same time. Here, it keeps an eye on both f7 and b3.} b3 32. Nd6
b2 33. Bd3 (33. Bxf7+ Kf8 34. Ba2 {was more accurate because after} Bc2 35.
Bxb2 Bxd6 {now there is} 36. Bc1 $1 {and then Bh6 with f7 is game over} a5 37.
Bh6+ Ke8 38. f7+ $18) 33... a5 34. Nc4 {Now my knight is back into the game
and the pawn on b2 falls} a4 35. Bxb2 {Now white should win without too much
difficulty} Bb3 36. Na3 g5 37. g4 Bd1 38. Nb5 Bb3 39. Kg2 {improving the king}
Bd5+ 40. f3 h6 $6 (40... Bb3 41. Ba3 Bb6 {and now there are a couple winning
plans but I really like the following} 42. Be7 Be3 43. Nd6 $1 a3 44. Nf5 a2 45.
Nh6+ Kh8 46. Bf8 {and Bg7 will be mate!} a1=Q 47. Bg7#) 41. Bc2 {Now the
a-pawn falls as well so it is game over! An extremely fun game to play that
was full of calculation!} 1-0

[Event "Washington Open"]
[Site "Chess.com"]
[Date "2021.05.31"]
[Round "6"]
[White "Kulkarni, Ojas"]
[Black "Guha, Mitrabha"]
[Result "0-1"]
[WhiteElo "2216"]
[BlackElo "2484"]
[Annotator "IM Mitrabha Guha"]
[PlyCount "222"]
[EventDate "2021.05.29"]
[TimeControl "6000+30"]
[WhiteClock "0:07:34"]
[BlackClock "0:21:11"]

{[%evp 0,222,30,23,65,65,83,48,45,27,38,28,29,22,20,-8,16,-30,12,4,0,4,23,22,
19,23,19,24,33,23,23,31,43,19,64,49,52,-7,40,26,50,37,22,21,40,34,49,111,116,
106,187,85,196,76,113,113,95,110,110,110,110,133,190,78,138,7,10,-91,-85,-95,
-93,-97,-101,-101,34,34,-45,-45,191,182,190,178,170,170,170,170,148,115,132,40,
40,186,182,187,194,194,194,194,201,201,232,228,229,229,257,229,228,228,249,226,
226,223,202,165,171,175,203,190,149,149,210,122,132,132,0,0,0,0,152,152,0,0,0,
0,0,0,0,0,0,-8,-1,-1,0,0,0,0,-18,-20,-5,-16,-8,-18,0,-89,-82,-75,-81,-104,-107,
-161,-162,-157,-157,-207,-201,-210,-211,-208,-213,-211,-206,-206,-206,-202,
-202,-202,-202,-202,-202,-202,-202,-202,-203,-202,-209,-202,-205,-212,-212,
-214,-203,-209,-206,-308,-307,-303,-325,-328,-326,-260,-314,-328,-308,-317,
-325,-338,-338,-341,-341,-341,-341,-341,-341,-341,-330,-341,-330,-378,-383,
-767,-862,-899,-899,-1753,-1878]} 1. e4 {[%emt 0:00:00] Very interesting game
where i managed to win from being a queen down for 2minor pieces and a pawn.}
c6 {[%emt 0:00:15]} 2. d4 {[%emt 0:00:03]} d5 {[%emt 0:00:01]} 3. exd5 {
[%emt 0:00:02]} cxd5 {[%emt 0:00:01]} 4. c3 {[%emt 0:00:06]} Nc6 {[%emt 0:00:
02]} 5. Bf4 {[%emt 0:00:03]} (5. Bd3 Nf6 6. Bf4 Bg4 7. Qb3) 5... Bf5 {[%emt 0:
00:08]} 6. Nd2 {[%emt 0:00:04]} e6 {[%emt 0:00:02]} 7. Ngf3 {[%emt 0:00:02]}
Nf6 {[%emt 0:00:02]} 8. Be2 {[%emt 0:00:02]} Be7 {[%emt 0:00:02]} (8... Bd6 9.
Bxd6 Qxd6 10. O-O O-O {[%cal Ya8b8,Yb7b5]}) 9. O-O {[%emt 0:00:01]} O-O {
[%emt 0:00:01]} 10. Nh4 {[%emt 0:00:01]} Bg6 {[%emt 0:00:02]} (10... Be4 11.
Nxe4 dxe4 {[%cal Gf6d5,Ge7h4]}) 11. Nxg6 {[%emt 0:00:02]} hxg6 {[%emt 0:00:01]}
12. Re1 {[%emt 0:00:05]} Bd6 {[%emt 0:00:01]} 13. Bg5 {[%emt 0:00:15]} (13.
Bxd6 Qxd6 14. Nf3 Rab8 15. a4 a6) 13... Rb8 {[%emt 0:00:08]} 14. a4 {[%emt 0:
00:13]} Qc7 {[%emt 0:00:03]} 15. g3 {[%emt 0:00:06]} a6 {[%emt 0:00:04]} 16.
Kg2 {[%emt 0:09:00]} b5 {[%emt 0:00:53]} 17. axb5 {[%emt 0:01:36]} axb5 {
[%emt 0:00:02]} 18. h4 {[%emt 0:00:01]} Nh7 {[%emt 0:00:23]} (18... b4 19. Bxf6
gxf6 20. h5 g5) 19. Be3 {[%emt 0:00:49]} Ne7 {[%emt 0:00:46]} 20. Bd3 {[%emt 0:
02:52]} (20. h5 gxh5 21. Bd3 g6) 20... Nf5 {[%emt 0:00:08]} (20... b4 21. c4
dxc4 22. Nxc4 Nf5) 21. h5 {[%emt 0:00:38]} b4 {[%emt 0:13:29]} (21... gxh5 22.
Qxh5 Nf6 23. Qh3 {[%cal Re1h1]}) (21... Nxe3+ 22. Rxe3 g5 23. Qg4 {[%cal Gd2f3]
}) 22. hxg6 {[%emt 0:46:46]} fxg6 {[%emt 0:00:02]} 23. c4 {[%emt 0:00:01]} Qf7
{[%emt 0:11:00] This provokes Qf3 which allows a tempo after Qb7} (23... Qb7
24. c5 Bxc5 25. dxc5 d4+ 26. Be4) (23... dxc4 24. Bxc4 Qc6+ 25. Kg1 Nxe3 26.
Rxe3 Ng5 27. Qg4) (23... Nf6 24. c5) 24. Qf3 {[%emt 0:06:44]} Qb7 {[%emt 0:01:
16]} 25. Qe2 {[%emt 0:01:47]} Nf6 {[%emt 0:02:23]} (25... dxc4+ 26. Be4) 26. c5
{[%emt 0:03:52]} Bxc5 {[%emt 0:04:29]} 27. Ba6 {[%emt 0:12:30]} (27. dxc5 d4+
28. Qf3 dxe3) (27. Bxf5 exf5 28. dxc5 d4+ 29. Nf3 (29. Qf3 Qxf3+ 30. Nxf3 dxe3
31. fxe3) 29... dxe3 30. Qxe3 {Engine show this is clearly winning for white
but thought this was equal during the game}) 27... Qa8 {[%emt 0:07:20]} 28. Bd3
{[%emt 0:00:07]} Qb7 {[%emt 0:05:44]} 29. Ba6 {[%emt 0:00:04]} Qa8 {[%emt 0:00:
55] Draw is very good for black as he is clearly minus but I a draw would mean
slipping of the joint first position} 30. Bd3 {[%emt 0:00:03]} Ba7 {[%emt 0:00:
36] Maybe a too brave descion as black is just clearly lost here but my
opponent doestn play accurately} 31. Bxf5 {[%emt 0:00:03]} (31. Rh1 Qb7 32. Nf3
{[%cal Rf3g5,Rf3e5]}) (31. Nf3 Qb7 32. Rh1 Nxe3+ 33. fxe3) 31... exf5 {[%emt 0:
00:10]} (31... gxf5 32. Bf4 {[%csl Re6]}) 32. Bf4 {[%emt 0:00:02]} (32. Qa6 Bb6
) 32... Rbe8 {[%emt 0:01:03]} 33. Qa6 {[%emt 0:00:03] My opponent already
offered draw 2 times till now} Bxd4 {[%emt 0:01:24]} 34. Qd3 {[%emt 0:02:07]}
Ba7 {[%emt 0:01:05]} 35. Rxe8 {[%emt 0:00:03]} Rxe8 {[%emt 0:00:10]} 36. Qa6 {
[%emt 0:02:30]} d4+ {[%emt 0:02:03]} (36... Re7 37. Bd6 Re6) 37. Nf3 {[%emt 0:
00:19]} (37. Kg1 d3 $3 38. Qxa7 (38. Rf1 Bxf2+ 39. Rxf2 Qxa6) (38. Nf3 Qxf3) (
38. Nf1 Bxf2+ 39. Kxf2 Re2+ 40. Kg1 Qg2#) 38... Re1+ 39. Rxe1 Qxa7) 37... Re7 {
[%emt 0:02:17]} 38. Bd6 {[%emt 0:05:12]} Rd7 {[%emt 0:01:39]} (38... Rf7 {
I had planned to play this but Rc1 Rh1 forces a draw so again had to play the
worse Rd7 for a win} 39. Rc1 Kh7 40. Rc6 (40. Rc8 Qe4) 40... Ne4) 39. Bc5 {
[%emt 0:05:36]} (39. Bxb4) (39. Rc1 Kh7) 39... g5 {[%emt 0:06:10] I completely
missed Qe6 here when I played Rd7 . When i saw after g5 i was in complete
shock and offered a draw which my opponent rejected now} 40. Qe6+ {[%emt 0:00:
31]} (40. Qc4+ Kh7 41. Rh1+ Kg6) 40... Kh7 {[%emt 0:00:06]} 41. Qxf5+ {[%emt 0:
02:03]} Kg8 {[%emt 0:00:03]} 42. Qe6+ {[%emt 0:04:46]} Kh7 {[%emt 0:00:03]} 43.
g4 {[%emt 0:04:59]} d3 {[%emt 0:04:43]} 44. Rh1+ {[%emt 0:04:10]} Kg6 {[%emt 0:
00:03]} 45. Qf5+ {[%emt 0:00:01]} Kf7 {[%emt 0:00:03]} 46. Kg1 {[%emt 0:00:01]}
(46. Rh8 {We both missed the remarkable Rh8 which instantly wins}) 46... Qxf3 {
[%emt 0:07:07]} 47. Qxf3 {[%emt 0:00:06]} Bxc5 {[%emt 0:00:01] This is not
that bad for black as all his pieces are protected and has the d3 passed pawn}
48. Kg2 {[%emt 0:00:11]} Rd4 {[%emt 0:00:17]} 49. Qb7+ {[%emt 0:01:11]} (49.
Rc1 d2 50. Rd1) 49... Kg6 {[%emt 0:00:15]} 50. f3 $2 {[%emt 0:00:07] This
weakens the e3 square} d2 {[%emt 0:00:56]} 51. Rd1 {[%emt 0:00:11]} Bd6 $1 {
[%emt 0:01:19][%cal Gd6f4]} 52. Qc6 {[%emt 0:00:46]} Bf4 {[%emt 0:00:28][%csl
Yf4,Yg5][%cal Gf6d5,Gd5e3,Gd4c4,Gc4c1] Everything is protected black now need
to bring his rook to C1 or knight to e3} 53. Qc5 {[%emt 0:00:34]} Rd6 {[%emt 0:
05:48]} 54. Qf5+ {[%emt 0:00:12]} Kf7 {[%emt 0:00:04][%csl Gf7] Blacks king is
very safe here while whites rook is tied down} 55. Kf1 {[%emt 0:00:11]} (55.
Kf2 $1 g6 56. Qc8 Nd5 57. Rh1) 55... g6 {[%emt 0:00:23]} 56. Qc8 {[%emt 0:00:
51]} Nd5 {[%emt 0:00:41]} 57. Ke2 {[%emt 0:00:41]} Ke7 {[%emt 0:07:04]} 58. Rh1
{[%emt 0:01:31]} Re6+ {[%emt 0:03:34]} 59. Kd3 {[%emt 0:00:17]} Kd6 {[%emt 0:
01:16]} 60. Rd1 {[%emt 0:01:32]} (60. Qb8+ Kc5 61. Qa7+ Kc6 62. Qa8+ Kd6 63.
Qb8+) (60. Qd8+ Kc5) 60... Re3+ {[%emt 0:02:50]} 61. Kc2 {[%emt 0:00:02]} (61.
Kxd2 Rc3+) (61. Kd4 Be5+ 62. Kc4 Nb6+) 61... b3+ {[%emt 0:00:03]} 62. Kb1 {
[%emt 0:00:01]} Re1 {[%emt 0:08:27]} 63. Qb8+ {[%emt 0:00:02]} Kd7 {[%emt 0:01:
50]} 64. Qb7+ {[%emt 0:01:42]} Ke8 {[%emt 0:01:08]} 65. Qxb3 {[%emt 0:00:02]}
Ne3 {[%emt 0:00:08] I was trying to get to f6 without going to e7 first} 66.
Qe6+ {[%emt 0:00:15]} (66. Qb5+ Kf7 67. Qd7+ (67. Qb3+ Kf6 68. Qc3+ Be5 69.
Rxe1 Bxc3 70. Rxe3 {There is no check now as the king is on f6}) 67... Kf6)
66... Kd8 {[%emt 0:00:12]} 67. Qb6+ {[%emt 0:00:21]} Kd7 {[%emt 0:00:39]} 68.
Qb5+ {[%emt 0:01:23]} Ke7 {[%emt 0:03:51]} 69. Qb4+ {[%emt 0:00:13]} Bd6 {
[%emt 0:00:04]} 70. Rxe1 {[%emt 0:00:05]} d1=Q+ {[%emt 0:00:02] This is the
point of the whole variation starting from Re3.I think my opponent missed this
intermediate move without this white is clearly winning} 71. Rxd1 {[%emt 0:00:
13]} Bxb4 {[%emt 0:00:03]} 72. Rd3 {[%emt 0:00:50]} Ng2 {[%emt 0:00:31]} 73.
Rd4 {[%emt 0:00:22]} (73. Kc2 Ne1+) 73... Bd6 {[%emt 0:00:17]} 74. Re4+ {
[%emt 0:00:45]} Kd7 {[%emt 0:00:04]} 75. Kc2 {[%emt 0:00:12]} Kc6 {[%emt 0:00:
11]} 76. b4 {[%emt 0:00:16]} Nh4 {[%emt 0:00:15]} 77. Re3 $2 {[%emt 0:00:08]}
Bxb4 {[%emt 0:00:16] Now black will keep on grinding but my opponent blunders
in the next move} 78. Kd3 {[%emt 0:00:37]} Bc5 {[%emt 0:00:43]} 79. Re6+ {
[%emt 0:00:02]} Kd5 {[%emt 0:00:09]} 80. Rf6 {[%emt 0:00:34]} Be7 {[%emt 0:00:
10]} 81. Ra6 {[%emt 0:00:09]} (81. Rf7 Ke6 82. Rg7 Nxf3 83. Rxg6+ Bf6 84. Rg8
Ne5+ 85. Ke4 Nxg4) 81... Nxf3 {[%emt 0:00:13]} 82. Ke2 {[%emt 0:03:21]} (82.
Rxg6 Ne5+) 82... Ne5 {[%emt 0:00:04]} 83. Kf1 {[%emt 0:00:08]} Bd6 {[%emt 0:05:
19]} (83... Nxg4 84. Rxg6 Ke5 85. Ra6 Bf6 86. Ra5+ Kf4 87. Ra4+ Kf5 88. Ra5+
Be5 {[%cal Gg4f6,Gg5g4]}) 84. Ra4 {[%emt 0:00:04]} Bc5 {[%emt 0:00:32]} 85. Kg2
{[%emt 0:00:03]} Bd4 {[%emt 0:00:02]} 86. Kg3 {[%emt 0:00:01]} Ke4 {[%emt 0:00:
02]} 87. Ra6 {[%emt 0:00:20]} Ke3 {[%emt 0:00:24]} 88. Re6 {[%emt 0:00:41]} Ke4
{[%emt 0:00:15]} 89. Ra6 {[%emt 0:00:02]} Nd3 {[%emt 0:00:09]} 90. Ra4 {
[%emt 0:00:53]} Ke3 {[%emt 0:00:31]} 91. Ra8 {[%emt 0:00:39]} Be5+ {[%emt 0:00:
02]} 92. Kg2 {[%emt 0:00:02]} Nf4+ {[%emt 0:00:03]} 93. Kg3 {[%emt 0:00:02]}
Ne2+ {[%emt 0:00:26]} 94. Kg2 {[%emt 0:00:11]} Kf4 {[%emt 0:00:40]} 95. Ra4+ {
[%emt 0:00:05]} Bd4 {[%emt 0:00:38]} 96. Kf1 {[%emt 0:00:24]} (96. Kh3 Kf3 97.
Ra3+ Be3) 96... Kf3 {[%emt 0:00:07]} 97. Ra3+ {[%emt 0:00:12]} Be3 {[%emt 0:00:
16]} 98. Ra4 {[%emt 0:00:45]} Nf4 {[%emt 0:00:19]} 99. Ra3 {[%emt 0:00:03]} Ne2
{[%emt 0:00:17]} 100. Ra4 {[%emt 0:00:02]} Ng3+ {[%emt 0:00:02]} 101. Ke1 {
[%emt 0:00:03]} Bf4 {[%emt 0:00:17]} 102. Ra6 {[%emt 0:00:31]} Kxg4 {[%emt 0:
00:04]} 103. Kf2 {[%emt 0:00:06]} (103. Rxg6 Kf3 {[%cal Gg3e4,Gg5g4,Gf4e3,
Gg4g3]}) 103... Kh5 {[%emt 0:00:21]} 104. Kf3 {[%emt 0:00:38]} Nf5 {[%emt 0:00:
15]} 105. Ra5 {[%emt 0:00:21]} Nh4+ {[%emt 0:00:02]} 106. Kf2 {[%emt 0:00:01]}
Kg4 {[%emt 0:00:27]} 107. Ra3 {[%emt 0:00:09]} Kf5 {[%emt 0:00:04]} 108. Ra8 {
[%emt 0:01:09]} g4 {[%emt 0:00:04]} 109. Rf8+ {[%emt 0:00:03]} Kg5 {[%emt 0:00:
01]} 110. Ra8 {[%emt 0:00:06]} g3+ {[%emt 0:00:02]} 111. Kg1 {[%emt 0:00:01]}
Be3+ {[%emt 0:00:03] mitrabhaa won by resignation} 0-1